000 00405nam a22001697a 4500
003 SGT
020 _a9788119613311
082 _a615
_bP24G
100 _aGAHLOT, VINOD
245 _aPHARMACOLOGY EXAM SUCCESS COMPANION 2020-2024
250 _a1ST
260 _aINDIA
_bJAYPEE PUB
_c2024
300 _a202
650 _aPHARMACOLOGY
653 _aPHARMACOLOGY EXAM SUCCESS COMPANION
942 _2ddc
_cBK
999 _c33446
_d33446